Determinantes sociales de la mortalidad infantil en Costa Rica /

Сохранить в:
Библиографические подробности
Главный автор: Behm Rosas, Hugo
Другие авторы: Granados Bloise, Damaris, Robles S, M. A. Arodys
Формат: Неизвестно
Опубликовано: s.l: s.e.
Предметы:
Метки: Добавить метку
Нет меток, Требуется 1-ая метка записи!

MARC

LEADER 00000 a2200000 04500
001 25910
003
008 991231s d
040
090 |a 174302  
100 |a Behm Rosas, Hugo  
245 |a Determinantes sociales de la mortalidad infantil en Costa Rica /  |c Hugo Behm Rosas  
260 |a s.l:   |b s.e.  
300 |a p. irreg  
500 |a Resultados preliminares  
650 |a ANALISIS DEMOGRAFICO  
650 |a MORTALIDAD INFANTIL  
650 |a METODOLOGIA  
650 |a ESTADISTICAS DEMOGRAFICAS  
700 |a Granados Bloise, Damaris  
700 |a Robles S, M. A. Arodys  
999 |c 15615  |d 15615